| 000 | 00774nam a2200229 a 4500 | ||
|---|---|---|---|
| 001 | 47874 | ||
| 003 | BD-RjUL | ||
| 005 | 20211209054419.0 | ||
| 008 | 160810s1999 ii ||||| |||| 00| 0 ben d | ||
| 020 |
_a8187360176 _c: Tk. 70.00 |
||
| 035 | _a(BD-RjUL)47993 | ||
| 040 |
_aBD-RjUL _bben _cBD-RjUL |
||
| 041 | _aben | ||
| 082 |
_223 _a781.62 _bCHJ 1999 |
||
| 100 | 1 |
_aচট্টোপাধ্যায়, নরনারায়ণ _9145309 |
|
| 245 | 1 | 0 | _aঝুমুর / |
| 260 |
_aকলিকাতা : _bলোকসংস্কৃতি ও আদিবাসী কেন্দ্র, _c১৯৯৯ |
||
| 300 |
_a১৭৪ পৃ. ; _c১৮ সেমি. |
||
| 650 |
_aলোক সংগীত _9145310 |
||
| 650 |
_aFolk music _9145311 |
||
| 942 |
_2ddc _cBK |
||
| 999 |
_c47874 _d47874 |
||